000 00484nam a2200193 a 4500
001 1761456968453
003 ACL
005 20251026110744.0
008 251026s2005##################000#0#eng##
020 _a9788122416831
082 0 4 _a658.87
_bSIN
100 1 _aSingh, Awadhesh Kumar,
_eauthor.
245 1 0 _aRural Marketing :
260 _bNew Age International,
_c2005.
300 _a11 pages
650 0 _aBusiness & Economics.
942 _cENGLISH
040 _aACL
_beng
_cACL
999 _c593913
_d593913